[Event "Adygea blitz op"]
[Site "Maikop"]
[Date "2019.05.04"]
[Round "1"]
[White "Gabrielian, Artur"]
[Black "Kosenko, Boris"]
[Result "1-0"]
[WhiteElo "2458"]
[BlackElo "1855"]
[PlyCount "67"]
[EventDate "2019.05.04"]
[EventType "swiss (blitz)"]
[EventRounds "11"]
[EventCountry "RUS"]
[SourceTitle "CBM 190 Extra"]
[Source "ChessBase"]
[SourceDate "2019.07.15"]
[SourceVersion "1"]
[SourceVersionDate "2019.07.15"]
[SourceQuality "1"]

1. e4 e5 2. Nf3 Nc6 3. Bc4 Nf6 4. d3 Bc5 5. Bg5 d6 6. c3 0-0 7. Nbd2 Qe7 8. 0-0 Nd8 9. d4 Bb6 10. a4 a6 11. a5 Ba7 12. Re1 Ne6 13. Bh4 Nf4 14. h3 Ng6 15. Bg5 h6 16. Be3 Be6 17. Qb3 Bxc4 18. Qxc4 Kh7 19. Qb3 c6 20. Rad1 Rad8 21. dxe5 Bxe3 22. exf6 Bxf2+ 23. Kxf2 Qxf6 24. Kg1 Nf4 25. Re3 Qg6 26. Ne1 Rde8 27. Qc2 d5 28. e5 Qxc2 29. Nxc2 f6 30. exf6 Rxe3 31. Nxe3 Rxf6 32. Ng4 Re6 33. Nf3 Re2 34. Rd2 1-0

[Event "Adygea blitz op"]
[Site "Maikop"]
[Date "2019.05.04"]
[Round "5"]
[White "Udovichenko, Nikolai"]
[Black "Kosenko, Boris"]
[Result "1/2-1/2"]
[WhiteElo "2174"]
[BlackElo "1855"]
[PlyCount "41"]
[EventDate "2019.05.04"]
[EventType "swiss (blitz)"]
[EventRounds "11"]
[EventCountry "RUS"]
[SourceTitle "CBM 190 Extra"]
[Source "ChessBase"]
[SourceDate "2019.07.15"]
[SourceVersion "1"]
[SourceVersionDate "2019.07.15"]
[SourceQuality "1"]

1. c4 Nf6 2. g3 c6 3. Bg2 d6 4. d4 g6 5. Nc3 Bg7 6. e4 Nbd7 7. Nge2 Qc7 8. 0-0 e5 9. d5 a5 10. h3 Nc5 11. Be3 Nfd7 12. f4 h5 13. f5 a4 14. Qd2 a3 15. b4 Na6 16. Rab1 c5 17. bxc5 Naxc5 18. fxg6 fxg6 19. Bf2 Nf6 20. Nb5 Qd8 21. Qg5 1/2-1/2